000 01793nam0a22003611 4500
001 v19\rc\1875449
005 20251118180256.7
035 _a(NLR Aleph) 004965842
090 _a6032632
_c6032632
100 _a20080221d1910 u y0rusy50 ca
101 0 _arus
102 _aRU
105 _aab z |||||
200 1 _aБотанико-географические исследования в области Березового хребта и Балаганской степи в Иркутской губернии
_fА.Н. Криштофович
210 _aСанкт-Петербург
_cтип. Ю.Н. Эрлих (влад. А.Э. Коллинс)
_d1910
215 _a[2], 154, 2 с., 11 л. ил., карт.
_cчерт.
_d27
225 1 _aПереселенческое управление. Главное управление землеустройства и земледелия. Труды почвенно-ботанических экспедиций по исследованию колонизационных районов азиатской России
_iБотанические исследования 1908 г./Под ред. А.Ф. Флерова
_vВып. 3
_vЧ. 2
320 _aБиблиогр.: с. 152-153
700 1 _7ca
_8rus
_aКриштофович
_bА. Н.
_f1885-1953
_gАфрикан Николаевич
_9140360
_3RU\NLR\AUTH\770140396
801 0 _aRU
_bNLR
_gpsbo
801 0 _aRU
_bRuMoRGB
_2psbo
801 1 _aRU
_bProSoft-M
_2rusmarc
852 _aNLR
_j37.33.4.5(1)
899 _aRuMoRGB
_jM 72/33 (1908, ч. 2, вып. 3)
899 _aRuMoRGB
_jU 389/45
899 _aRuMoRGB
_jU 67/145
899 _aRuMoRGB
_jW 483/74
899 _aБАН
899 _aНБ СПбГУ
899 _aНБ МГУ
942 _cBOOK
980 _aNB